Bài tập kinh tế xây dựng
Na minha lista:
| Autor principal: | |
|---|---|
| Formato: | Livro |
| Idioma: | Undetermined |
| Publicado em: |
TP.HCM
Đại học Quốc gia TP.HCM
2008
|
| Assuntos: | |
| Acesso em linha: | http://lrc.tdmu.edu.vn/opac/search/detail.asp?aID=2&ID=3535 |
| Tags: |
Adicionar Tag
Sem tags, seja o primeiro a adicionar uma tag!
|
| Thư viện lưu trữ: | Trung tâm Học liệu Trường Đại học Thủ Dầu Một |
|---|
| LEADER | 00627nam a2200193Ia 4500 | ||
|---|---|---|---|
| 001 | TDMU_3535 | ||
| 008 | 210410s9999 xx 000 0 und d | ||
| 082 | |a 624.068 | ||
| 090 | |b L566 | ||
| 100 | |a Lưu, Trường Văn | ||
| 245 | 0 | |a Bài tập kinh tế xây dựng | |
| 245 | 0 | |c Lưu Trường Văn | |
| 260 | |a TP.HCM | ||
| 260 | |b Đại học Quốc gia TP.HCM | ||
| 260 | |c 2008 | ||
| 300 | |a 114tr. | ||
| 650 | |a Kinh tế xây dựng |v Bài tập | ||
| 856 | |u http://lrc.tdmu.edu.vn/opac/search/detail.asp?aID=2&ID=3535 | ||
| 980 | |a Trung tâm Học liệu Trường Đại học Thủ Dầu Một | ||